Zmluva o stabilite, koordinácii a správe v hospodárskej a menovej únii, politické a ekonomické aspekty

Politické súvislosti a okolnosti dohody o príprave Fiškálnej zmluvy. Stručný náčrt hlavných fiškálnych a inštitucionálnych ustanovení zmluvy. Ratifikácia a implementácia Fiškálnej zmluvy.

Enregistré dans:
Détails bibliographiques
Auteur principal: Korčok, Ivan
Format: Chapitre de livre
Langue:slovaque
Sujets:
Tags: Ajouter un tag
Pas de tags, Soyez le premier à ajouter un tag!

MARC

LEADER 00000naa a2200000 4500
001 0159430
005 20240502072749.9
041 0 |a slo 
044 |a SK 
245 1 0 |a Zmluva o stabilite, koordinácii a správe v hospodárskej a menovej únii, politické a ekonomické aspekty  |c Ivan Korčok 
520 |a Politické súvislosti a okolnosti dohody o príprave Fiškálnej zmluvy. Stručný náčrt hlavných fiškálnych a inštitucionálnych ustanovení zmluvy. Ratifikácia a implementácia Fiškálnej zmluvy. 
610 2 0 |a Európska únia 
610 2 0 |a Európska menová únia 
610 2 0 |a zmluvy medzinárodné 
610 2 0 |a politika fiškálna 
610 2 0 |a spolupráca hospodárska medzinárodná 
610 2 0 |a právo európske 
100 1 |a Korčok, Ivan